000 00322nam a22001217a 4500
999 _c15744
_d15744
003 OSt
008 190926b ||||| |||| 00| 0 eng d
082 _a664.80461 ARA/NA
100 _aAravindakshan,M.
_94285
245 _aNalikera samskaranavum vipanavum
260 _aKochi
_b Coconut Development Board
_c1996
942 _cBK